1721 1616 1092 1434 1694 1884 1384 1728 1427 1523 1309 1200 1967 1807 1984 1700 1654 1815 1640 1769 1963 1263 1400 1040 1020 1146 1522 1732 1007 1861 1717 1696 1876 1116 1759 1850 1537 1068 1105 1764 1673 1454 1257 1684 1724 1256 1104 1811 1462 1497 1813 1944 1461 1286 1121 1691 1961 1989 1331 1483 1217 1496 1691 1303 1234 1374 1147 1397 1329 1174 1734 1244 1010 1914 1906 1397 1136 1445 1200 1981 1548 1482 1673 1304 1563 1453 1343 1993 1930 1696 1302 1958 1986 1265 1150 1621 1601 1394 1982 BCNSPRNW ULIB Ver.6.0+V

เปลี่ยนเป็นภาษาไทย

Change to English
 แสดงรายละเอียดบรรณานุกรม
  กลับหน้าหลัก

Brief Record : Get Marc (ISO 2709) : E-mail record : QR code < ปิดหน้าต่าง
LEADER : 00000nam 2200000uu 4500
001    13399120324
003     ULIB
008    120918s2551||||th 000 0 tha d
020    ^a9789741660032(ล.3)
060  4 ^aWY159^bส627อ ล.3
110 1  ^aมหาวิทยาลัยสุโขทัยธรรมาธิราช^bสาขาวิชาพยาบาลศาสตร์
245 00 ^aเอกสารการสอนชุดวิชา การพยาบาลเด็กและวัยรุ่น หน่วยที่11-15(ฉบับปรับปรุงครั้งที่1)=^bNursing care of the child and adolescent/^cบรรณาธิการ กรองกาญจน์ ศิริภักดี
246 0  ^aNursing care of the child and adolescent
250    ^aฉบับปรับปรุงครั้งที่ 1
260    ^aนนทบุรี:^bศูนย์หนังสือมหาวิทยาลัยสุโขทัยธรรมาธิราช,^c2551
300    ^a538 หน้า
650  7 ^aการพยาบาลกุมารเวชศาสตร์
700 0  ^aกรองกาญจน์ ศิริภักดี,^eบรรณาธิการ
710 2  ^aมหาวิทยาลัยสุโขทัยธรรมาธิราช^bสาขาวิชาพยาบาลศาสตร์
945    ^p0^l0^i15988
945    ^p0^l0^i15989
945    ^p0^l0^i15990
945    ^p0^l0^i15991
995    ^aกัณชพร
999    ^aใช้งานได้ทุกระบบ
รายการนี้ยังไม่มีแท็ก
คุณยังไม่ได้ล็อกอิน คุณสามารถมีกิจกรรมร่วมกับเว็บไซต์ได้ แต่ต้องล็อกอินก่อน ::
  ล็อกอิน

รายการสื่อสารสนเทศ

ลำดับที่ ประเภท เลขเรียก/บาร์โค้ด สถานที่ สถานะ
1. วิทยาศาสตร์การแพทย์ และสุขภาพ
วิทยาศาสตร์การแพทย์ และสุขภาพ
WY159 ส627อ ล.3  
  Barcode: 15988
ห้องสมุดวิทยาเขตนครสวรรค์
►ส่วนจัดเก็บหนังสือเก่า นว.
บนชั้น
  ขอยืม
2. วิทยาศาสตร์การแพทย์ และสุขภาพ
วิทยาศาสตร์การแพทย์ และสุขภาพ
WY159 ส627อ ล.3 ฉ.2 
  Barcode: 15989
ห้องสมุดวิทยาเขตนครสวรรค์
►ส่วนจัดเก็บหนังสือเก่า นว.
บนชั้น
  ขอยืม
3. วิทยาศาสตร์การแพทย์ และสุขภาพ
วิทยาศาสตร์การแพทย์ และสุขภาพ
WY159 ส627อ ล.3 ฉ.3 
  Barcode: 15990
ห้องสมุดวิทยาเขตสวรรค์ประชารักษ์
►ส่วนจัดเก็บหนังสือเก่า สปร
บนชั้น
  ขอยืม
4. วิทยาศาสตร์การแพทย์ และสุขภาพ
วิทยาศาสตร์การแพทย์ และสุขภาพ
WY159 ส627อ ล.3 ฉ.4 
  Barcode: 15991
ห้องสมุดวิทยาเขตนครสวรรค์
►ส่วนจัดเก็บหนังสือเก่า นว.
บนชั้น
  ขอยืม

รายการใกล้เคียง
    หัวเรื่อง [การพยาบาลกุมารเวชศาสตร์]

BibComment


ยังไม่เคยถูกคอมเมนท์

คอมเมนท์ทรัพยากรรายการนี้
  คอมเมนท์: เอกสารการสอนชุดว..


 Copyright 2026. Bcnsprnw @Library